000 01545cam a22003374a 4500
001 16378167
003 OSt
005 20160624140120.0
008 100804s2011 nyua b 001 0 eng
010 _a 2010030576
020 _a9780879698904 (hardcover : alk. paper)
020 _a9780879698911 (pbk. : alk. paper)
035 _a(DNLM)101537558
040 _aDNLM/DLC
_cDLC
042 _apcc
050 0 0 _aQP623
_b.R5692 2011
060 1 0 _aQU 25
082 0 0 _aQW 58
_bR561d 2011
245 0 0 _aRNA :
_ba laboratory manual /
_cDonald C. Rio ... [et al.].
260 _aCold Spring Harbor, N.Y. :
_bCold Spring Harbor Laboratory Press,
_c2011.
300 _axiii, 586 p. :
_bcol.ill ;
_c28 cm.
504 _aIncludes bibliographical references and index.
505 0 _aThe fundamentals -- Purification of RNA from natural sources -- Detection and characterization of specific RNAs -- Synthesis, purification labeling, and substitution of transcripts synthesized in vitro -- Detecting and defining RNA/protein and RNA/RNA interactions -- Analysis of RNA-processing reactions using cell-free systems -- RNA interference -- Genomic approaches.
650 0 _aRNA
_xAnalysis
_vLaboratory manuals.
_99566
650 1 2 _aRNA
_vLaboratory Manuals.
_99567
650 2 2 _aGenetic Techniques
_vLaboratory Manuals.
_99568
700 1 _aRio, Donald Charles.
_99569
906 _a7
_bcbc
_corignew
_d1
_eecip
_f20
_gy-gencatlg
942 _2z
_cO_SHELF
999 _c4456
_d4456